<?xml version="1.0" encoding="UTF-8"?>
<record
    xmlns:xsi="http://www.w3.org/2001/XMLSchema-instance"
    xsi:schemaLocation="http://www.loc.gov/MARC21/slim http://www.loc.gov/standards/marcxml/schema/MARC21slim.xsd"
    xmlns="http://www.loc.gov/MARC21/slim">

  <leader>00582nam a22001817a 4500</leader>
  <datafield tag="999" ind1=" " ind2=" ">
    <subfield code="c">184187</subfield>
    <subfield code="d">184187</subfield>
  </datafield>
  <controlfield tag="005">20220114110824.0</controlfield>
  <datafield tag="010" ind1=" " ind2=" ">
    <subfield code="a">ENG-131129</subfield>
  </datafield>
  <datafield tag="020" ind1=" " ind2=" ">
    <subfield code="a">978-93-5442-054-2</subfield>
    <subfield code="c">1650.00</subfield>
  </datafield>
  <datafield tag="035" ind1=" " ind2=" ">
    <subfield code="a">EN-114661</subfield>
  </datafield>
  <datafield tag="037" ind1=" " ind2=" ">
    <subfield code="b">DBAD</subfield>
  </datafield>
  <datafield tag="082" ind1=" " ind2=" ">
    <subfield code="a">327.5405</subfield>
  </datafield>
  <datafield tag="245" ind1=" " ind2=" ">
    <subfield code="a">Eastward Ho?:</subfield>
    <subfield code="c">Edited by E. Sridharan</subfield>
    <subfield code="b">India's Relations with the Indo-Pacific/</subfield>
  </datafield>
  <datafield tag="260" ind1=" " ind2=" ">
    <subfield code="a">Telangana</subfield>
    <subfield code="b">Orient Blackswan Private Limited</subfield>
    <subfield code="c">2020</subfield>
  </datafield>
  <datafield tag="270" ind1=" " ind2=" ">
    <subfield code="b">Telangana</subfield>
    <subfield code="a">3-6-752 Himayatnagar</subfield>
    <subfield code="e">500029</subfield>
  </datafield>
  <datafield tag="300" ind1=" " ind2=" ">
    <subfield code="a">xxii, 487p.</subfield>
    <subfield code="c">23cm(hbk)</subfield>
    <subfield code="b">Index</subfield>
  </datafield>
  <datafield tag="700" ind1=" " ind2=" ">
    <subfield code="a">Sridharan, E.</subfield>
  </datafield>
  <datafield tag="942" ind1=" " ind2=" ">
    <subfield code="2">ddc</subfield>
    <subfield code="c">EN</subfield>
    <subfield code="h">327.5405</subfield>
    <subfield code="m">SRI</subfield>
  </datafield>
  <datafield tag="952" ind1=" " ind2=" ">
    <subfield code="0">0</subfield>
    <subfield code="1">0</subfield>
    <subfield code="4">0</subfield>
    <subfield code="7">0</subfield>
    <subfield code="8">NFIC</subfield>
    <subfield code="a">BL1</subfield>
    <subfield code="b">BL1</subfield>
    <subfield code="d">2022-01-14</subfield>
    <subfield code="e">DBAD/PUB</subfield>
    <subfield code="g">1650.00</subfield>
    <subfield code="l">1</subfield>
    <subfield code="o">327.5405 SRI</subfield>
    <subfield code="p">EN-114661</subfield>
    <subfield code="r">2025-07-03 00:00:00</subfield>
    <subfield code="s">2025-06-14</subfield>
    <subfield code="t">1</subfield>
    <subfield code="v">1650.00</subfield>
    <subfield code="y">EN</subfield>
  </datafield>
</record>
